Statistiken für Kader FC St. Pauli

Klicken Sie hier um das Quiz zu spielen!

Allgemein

  • Dieses Quiz wurde 96 mal gespielt
  • Das Durchschnittsergebnis liegt bei 13 aus 33

Antwortstatistiken

#Spieler% Korrekt
7Jackson Irvine
87%
10Marcel Hartel
72%
22Nikola Vasilj
68%
8Eric Smith
65%
3Karol Mets
64%
26Elias Saad
62%
2Manolis Saliakas
61%
Fabian Hürzeler
59%
11Johannes Eggestein
59%
23Leart Paqarada
57%
17Oladapo Afolayan
54%
18Jakov Medic
51%
24Connor Metcalfe
48%
30Sascha Burchert
45%
21Lars Ritzka
43%
14Etienne Amenyido
36%
13
Lukas Daschner
36%
4David Nemeth
35%
34Igor Matanovic
35%
19Luca Zander
33%
27David Otto
32%
1Dennis Smarsch
32%
9Maurides
32%
20Afeez Aremu
28%
25Adam Dzwigala
26%
16Carlo Boukhalfa
23%
28Sören Ahlers
20%
15Marcel Beifus
19%
6Christopher Avevor
16%
5Betim Fazliji
13%
31
Franz Roggow
12%
32Jannes Wieckhoff
10%
29Niklas Jessen
10%

Verteilung der Resultate

Perzentil nach korrekt beantworteten Fragen

Anzahl Personen mit jedem Resultat

Ihre Resultats-Entwicklung

Sie haben dieses Quiz noch nicht gespielt